Fundamentos (Libro 3º).

Gespeichert in:
Bibliographische Detailangaben
Format: keine Angabe
Sprache:Spanisch
Erschienen: Gerona Dalmau Carles, Pla, S.A. 1954
Katalog:MANES:  Suchergebnis im Bibliothekskatalog
Schulbuchspezifische Eigenschaften:
Schriftenreihe:Labor Escolar
Tags: Tag hinzufügen
Keine Tags, Fügen Sie den ersten Tag hinzu!
Hinzugefügt zu:26.04.2016
Geändert in:07.05.2025

MARC

LEADER 000000000a22000000004500
001 08047
003 OSt
005 20250507133326.0
008 160427s sp ||||| |||| 00| 0 spa d
040 |c centro_manes 
041 1 |a spa 
561 |5 es-CICE  |a España. Centro Internacional de la Cultura Escolar  |k MANES 
691 0 |a PRI 
245 0 0 |a Fundamentos (Libro 3º). 
260 3 |a Gerona  |b Dalmau Carles, Pla, S.A.  |c 1954 
300 |a 325 p.  |c 21,5 x 15,5 cm 
440 |a Labor Escolar  |9 4319 
330 |a 3 
500 |a EDAD:8910  |a Editado en Cartoné. Labor Escolar-Serie de textos graduados para la Enseñanza Primaria desarrollados según los cuestionarios nacionales. 
690 0 |a PED 
942 |2 ddc  |c BK 
546 |a España 
999 |c 14021  |d 14021 
999 |c manes:14021  |d 14021